000 01034nmm a2200289 a 4500
001 ocm0002146852
003 TR-IsHL
005 20201028184005.0
008 190428s2014 tu tur
007 cr cn
020 _a9786054530250
035 _a2146852
_b(N$T)
050 0 4 _aPL248.R884
_bA73 2014
090 0 4 _aPL248.R884
_bA73 2014
100 1 _aDede Ömer Rûşenî
245 1 0 _aÂsâr-ı Aşk
_h[electronic resource] /
_cDede Ömer Rûşenî ; derleyen Edirneli Şeyh Şuayb Şerefeddin Gülşenî ; hazırlayan Selami Şimşek
260 _aİstanbul :
_bBuhara Yayınları,
_c2014
300 _a200 p.
650 4 _aFelsefe, Psikoloji ve Din
650 4 _aPhilosophy, Psychology and Religion
650 0 _aTasavvuf edebiyatı
650 0 _aSufi literature
650 7 _aPOETRY / Middle Eastern
_2bisacsh
700 1 _aEdirneli Şeyh Şuayb Şerefeddin Gülşenî
700 1 _aŞimşek, Selami
856 4 0 _uhttp://search.ebscohost.com/login.aspx?direct=true&scope=site&db=e011xww&AN=2146852
999 _c20793
_d20793